[Event "Lugano op"]
[Site "Lugano"]
[Date "2023.12.10"]
[Round "5"]
[White "Cardoso Rodrigues, Michael"]
[Black "Borgia, Enrico"]
[Result "1-0"]
[WhiteElo "1641"]
[BlackElo "1320"]
[PlyCount "49"]
[EventDate "2023.12.09"]
[EventType "swiss"]
[EventRounds "5"]
[EventCountry "SUI"]
[SourceTitle "CB51_2023"]
[SourceDate "2023.12.20"]
[SourceVersion "1"]
[SourceVersionDate "2023.12.20"]
[SourceQuality "1"]

1. e4 c6 2. d4 d5 3. f3 dxe4 4. fxe4 e6 5. Nf3 Nd7 6. Bd3 c5 7. c3 Be7 8. 0-0 a6 9. a4 b6 10. Nbd2 Bb7 11. Nc4 Qc7 12. Nfe5 Nxe5 13. Nxe5 Nf6 14. Bf4 Qd8 15. Nxf7 Kxf7 16. e5 Qd5 17. Qe2 cxd4 18. exf6 Bxf6 19. Be5 Ke7 20. cxd4 Rac8 21. Bxa6 Bxe5 22. dxe5 Bxa6 23. Qxa6 Qxe5 24. Qxb6 Rb8 25. Qa7+ 1-0